Compiègne pendant l'invasion espagnole. (Record no. 22554)

MARC details
000 -LEADER
fixed length control field 00865cam a22002531 4500
001 - CONTROL NUMBER
control field f 01001223
003 - CONTROL NUMBER IDENTIFIER
control field DLC
005 - DATE AND TIME OF LATEST TRANSACTION
control field 20260227111239.0
008 - FIXED-LENGTH DATA ELEMENTS--GENERAL INFORMATION
fixed length control field 810403s1896 fr 000 0 fre
010 ## - LIBRARY OF CONGRESS CONTROL NUMBER
LC control number f 01001223
035 ## - SYSTEM CONTROL NUMBER
System control number (OCoLC)7304576
040 ## - CATALOGING SOURCE
Original cataloging agency DLC
Transcribing agency NNU
Modifying agency DLC
042 ## - AUTHENTICATION CODE
Authentication code premarc
050 00 - LIBRARY OF CONGRESS CALL NUMBER
Classification number DC801.C7
Item number B3
100 1# - MAIN ENTRY--PERSONAL NAME
Personal name Bazin, Arthur,
Dates associated with a name 1849-
245 00 - TITLE STATEMENT
Title Compiègne pendant l'invasion espagnole.
Statement of responsibility, etc. Ouvrage publié sous les auspices de la Société historique de Compiègne.
260 ## - PUBLICATION, DISTRIBUTION, ETC.
Place of publication, distribution, etc. Compiègne,
Name of publisher, distributor, etc. Imprimerie H. Lefebvre,
Date of publication, distribution, etc. 1896.
300 ## - PHYSICAL DESCRIPTION
Extent 2 p. leaves, 88 p.
Other physical details front.
Dimensions 26 cm.
651 #0 - SUBJECT ADDED ENTRY--GEOGRAPHIC NAME
Geographic name Compiègne
General subdivision History.
651 #0 - SUBJECT ADDED ENTRY--GEOGRAPHIC NAME
Geographic name France
General subdivision History
Chronological subdivision Louis XIII, 1610-1643.
651 #0 - SUBJECT ADDED ENTRY--GEOGRAPHIC NAME
Geographic name France
General subdivision History
Chronological subdivision Louis XIV, 1643-1715.
651 #0 - SUBJECT ADDED ENTRY--GEOGRAPHIC NAME
Geographic name Spain
General subdivision History
Chronological subdivision House of Austria, 1516-1700.
710 2# - ADDED ENTRY--CORPORATE NAME
Corporate name or jurisdiction name as entry element Société historique de Compiègne.

No items available.

Powered by Koha